000 00776cab a2200241 4500
001 WB3131-34
008 090401t1995 xxu||||| |||| 00| 0 eng d
035 _a(Sirsi) u51700
041 _aeng
245 _aTesco steps up Metro plans
260 _c1995
350 _a0
490 _aFinancial Times
_v14 August 1995, 16(1)
520 _aTesco is stepping up expansion plans for Tesco Metro, its town centre units, launched two years ago. The company believes there is scope for up to 200 Metros in the UK.
650 _aFOOD RETAILERS
650 _aHIGH STREET SHOPS
650 _aRETAIL EXPANSION
650 _aTESCO METRO
650 _aTOWN CENTRE DEVELOPMENTS
690 _aPROPERTY-COMMERCIAL PROPERTY-RETAIL PROPERTY
942 _n0
948 _c04/03/1997
999 _c32082
_d32082